000 00327nam a2200133Ia 4500
008 191201s2007 xx 000 0 und d
082 _a658.8027
_bBAE
100 _aBAJAJ Kamlesh
245 0 _aE-Commerce: The Cutting Edge of Business
260 _aN.Delhi
_bTMH
_c2007
300 _a-
650 _aB.Tech(IT)
942 _2ddc
_cBK
999 _c2941
_d2941